Tâm lí học Tài liệu tham khảo dùng trong các trường Đại học sư phạm

Uloženo v:
Podrobná bibliografie
Hlavní autor: Trường Đại học Sư phạm I Hà Nội
Médium: Kniha
Jazyk:Undetermined
Vydáno: Hà Nội Giáo dục 1970
Témata:
Tagy: Přidat tag
Žádné tagy, Buďte první, kdo otaguje tento záznam!
Thư viện lưu trữ: Trung tâm Học liệu Trường Đại học Cần Thơ
LEADER 00605nam a2200181Ia 4500
001 CTU_5219
008 210402s9999 xx 000 0 und d
082 |a 150 
082 |b Đ103/T2 
100 |a Trường Đại học Sư phạm I Hà Nội 
245 0 |a Tâm lí học 
245 0 |b Tài liệu tham khảo dùng trong các trường Đại học sư phạm 
245 0 |c Trường Đại học Sư phạm I Hà Nội 
260 |a Hà Nội 
260 |b Giáo dục 
260 |c 1970 
650 |a psychology 
980 |a Trung tâm Học liệu Trường Đại học Cần Thơ